| 000 | 00434cam a22001451 4500 | ||
|---|---|---|---|
| 040 | _cFO | ||
| 082 | _a926 WAT 1960 A113 Or. | ||
| 100 | 1 | _aJohnstone, John Edward. | |
| 245 | 1 | 0 |
_aJohnno, the deep-sea diver: _bthe life-story of diver John Johnstone as told to Peter Dawlish [pseud.] |
| 260 |
_aNew York, _bWatts _c[1960] |
||
| 300 |
_a160 p. _billus. _c21 cm. |
||
| 650 | 0 | _aDeep diving. | |
| 700 | 1 | _aKerr, James Lennox, | |
| 942 | _cEK | ||
| 999 |
_c16621 _d16621 |
||